000 00205 a2200097 4500
001 29867
100 _aJones H James
245 _aElectron components H B
260 _a
_bReston
_c
090 _c19865
_d19865
942 _aNUST-CAE
_cM
_c10963
999 _c264940
_d264940